=LDR 00000nam 2200000 4500 =001 INLIS000000000030729 =005 20130612132841 =008 ***********************************Ind** =035 ##$$a0010-061300000030729 =041 ##$$a Ind =082 ##$$a 613 =090 ##$$a 613, Adi s =100 ##$$a Adisasmito, Wiku =245 ##$$a Sistem kesehatan, Wiku Adisasmito =260 ##$$a 2007 $b Jakarta =300 ##$$a xix, 365 hlm, ilus6c21 cm =650 ##$$a Kesehatan =850 ##$$a NBPNMAT =990 ##$$a 93393/BPAP-NTB/2014